Kvantitatívna analýza podielového fondu

Metódy merania výkonnosti (výnosnosti) podielového fondu. Konzistentnosť výkonnosti fondu. Relatívna výkonnosť. Výpočet volatility fondu. Riziká ovplyvňujúce hodnotu investície v podielovom fonde. Korelačná analýza. Náklady fondu. Obrat podielového fondu.

Salvato in:
Dettagli Bibliografici
Autore principale: Pilch, Ctibor, 1957-
Natura: Capitolo di libro
Lingua:slovacco
Soggetti:
Tags: Aggiungi Tag
Nessun Tag, puoi essere il primo ad aggiungerne!!

MARC

LEADER 00000nla$a2200000$$$4500
001 0057710
005 20240502071641.9
041 0 |a slo 
044 |a SK 
245 1 0 |a Kvantitatívna analýza podielového fondu  |c Ctibor Pilch 
520 |a Metódy merania výkonnosti (výnosnosti) podielového fondu. Konzistentnosť výkonnosti fondu. Relatívna výkonnosť. Výpočet volatility fondu. Riziká ovplyvňujúce hodnotu investície v podielovom fonde. Korelačná analýza. Náklady fondu. Obrat podielového fondu. 
610 2 0 |a fondy podielové 
610 2 0 |a výnosnosť 
610 2 0 |a volatilita 
610 2 0 |a analýza korelačná 
610 2 0 |a riziko 
610 2 0 |a riziko trhové 
610 2 0 |a riziko úverové 
100 1 |a Pilch, Ctibor, 1957-